Entreprises des GAFAM - mort subite - Statistiques

Statistiques générales
  • Ce quiz a été pris 94 fois
  • Le résultat moyen est 6 sur 6
Answers on the Grid
Answers color-coded by a green-red scale on the quiz's grid according to % correct below.
Google
Microsoft
Facebook
Amazon
Apple
Android
FNAC
Guerlain
Groupe SNCF
Meta
France Travail
Fleury Michon
Fortuneo
Merck
McDonalds
Musée d'Orsay
Airbus
Allianz
Adobe
Aldi
 
Statistiques - réponses
Réponse % Correct
Google
98%
Facebook
96%
Amazon
95%
Apple
94%
Microsoft
94%
Meta
80%
Aucun quiz correspondant
Distribution des résultats
% des personnes avec chaque résultat
Percentile par nombre de réponses
Votre historique - résultats
Vous n’avez pas pris ce quiz